MARC

LEADER 00000nab a2200000 ar4500
001 vtls010183908
003 SK-MaSNL
005 20260304033418.0
008 101027c2010 xo mr|p|||||||000 b|slo
038 |a PPPK 
040 |a PPPKCL  |b slo  |c PPPKCL  |e AACR2 
041 0 |a slo 
044 |a xo  |c SK 
080 |a 72/76:069.9  |2 2001 
080 |a 061.43:77  |2 2001 
245 0 0 |a Pozvánka na výstavu-  |c [text a foto] (dh) 
300 |b Fotogr. 
610 2 7 |a Múzeum (Kežmarok, Slovensko)  |2 pppkcl  |9 85244 
611 2 7 |a Milada Kotorová: Piece of my dream  |g výstava  |d (2010 :  |c Kežmarok, Slovensko)  |2 pppkcl  |9 1315162 
611 2 7 |a Dávid Hanzely: -Coming soon-  |g výstava  |d (2010 :  |c Kežmarok, Slovensko)  |2 pppkcl  |9 1315163 
648 7 |a 1.10.-20.10.2010  |2 pppkcl  |9 1315164 
650 0 7 |a výtvarné umenie  |2 pppkcl  |9 723 
650 0 7 |a fotografické výstavy  |2 pppkcl  |9 29441 
650 0 7 |a umelecké výstavy  |2 pppkcl  |9 89689 
651 7 |a Kežmarok (Slovensko)  |2 pppkcl  |9 26808 
773 0 |t Kežmarok  |g Roč. XVIII, č. 19 (2010), s. 8 
852 |a PPPK  |b KIS3GCP 
999 |c 2648039  |d 2649969